=LDR 00000nam 2200000 4500 =001 INLIS000000000036064 =005 20210519104025 =035 ##$$a 0010-061300000036064 =008 210519###########################0#ind## =041 ##$$a Ind =082 ##$$a 028.5 =090 ##$$a 028.5, Ser s =245 ##$$a 100 tokoh teladan, : $b kumpulan kisah pembangunan karakter anak, /$c Tim Darul Fikri =260 ##$$a Jakarta :$b Qultum media,$c 2011 =300 ##$$a vi, 100 hlm : $b Ilus ; $c 27 x 20 cm =650 #4$$a Bacaan kanak-kanak =700 #$$a Fikri, Tim Darul =850 ##$$a NBPNMAT =020 ##$$a 979-017-155-2 =084 ##$$a 028.5 SER s =990 ##$$a 0001/BPAP-NTB/20142015 =990 ##$$a 21101946 =990 ##$$a 21101946 =990 ##$$a 0001/BPAP-NTB/20142015 =990 ##$$a 21101945 =990 ##$$a 21101946 =990 ##$$a 0001/BPAP-NTB/2015 =990 ##$$a 21101945 =990 ##$$a 21101946 =990 ##$$a 21101944 =990 ##$$a 21101945 =990 ##$$a 21101946